UZAY OKULU (Record no. 760601)

MARC details
000 -LEADER
sabit uzunluktaki kontrol alanı 00242nam a2200097Ia 4500
001 - KONTROL NUMARASI
kontrol alanı 760601
005 - EN SON İŞLEMİN TARİH VE ZAMANI
kontrol alanı 20250826165151.0
008 - SABİT-UZUNLUKTA VERİ ÖĞELERİ--GENEL BİLGİ
sabit uzunluktaki kontrol alanı 250824s9999 xx 000 0 und d
245 #0 - ESER / YAZAR
ESER ADI UZAY OKULU
Yazar Adı NAZLI AKALIN
260 ## - YAYIN, DAĞITIM, VB.
YAYIN EVİ ÇOCUK GEZEGENİ YAYINLARI
Holdings
Düşüm durumu Kayıp durumu Hasar Durumu Ödünç verilmez Ana kütüphane Geçerli Kütüphane Edinilen tarih Toplam ödünç verme sayısı Barkod Son görüntüleme tarihi Fiyatın geçerli olmaya başladığı tarih Koha materyal türü
        BOSNA HERSEK ANADOLU İMAM HATİP LİSESİ BOSNA HERSEK ANADOLU İMAM HATİP LİSESİ 24.08.2025   10355738 26.08.2025 26.08.2025 Books